000 00542nam a2200217Ia 4500
003 OSt
005 20221007082706.0
006 a|||||r|||| 00| 0
007 ta
008 221006b |||||||| |||| 00| 0 eng d
024 _a38,572
037 _cDissertations
040 _aFLL
_cFLL
_beng
041 _2eng
_aeng
100 _aPande Nirupendra K.
_9699263
245 0 _aLaw of collective bargaining in India
260 _c1994
300 _a181p
_ccm.
942 _cDIS
_2CC
999 _c1167405
_d1167405